Statistics for Scientific Units Named After Inventors

Click here to take the quiz!

General Stats

  • This quiz has been taken 608 times
  • The average score is 11 of 20

Answer Stats

MeasuresScientist/InventorUnit% Correct
ForceSir Isaac Newtonnewton (N)
88%
TemperatureDaniel Gabriel Fahrenheitdegree Fahrenheit (°F)
87%
Thermodynamic temperatureLord Kelvinkelvin (K)
82%
TemperatureAnders Celsiusdegree Celsius (°C)
80%
Electric potential & electromotive forceAlessandro Voltavolt (V)
80%
Electrical resistanceGeorg Simon Ohmohm (Ω)
78%
Electric currentAndré-Marie Ampèreampere (A)
75%
FrequencyHeinrich Rudolf Hertzhertz (Hz)
75%
Energy, work, heatJames Prescott Joulejoule (J)
73%
EarthquakeCharles Francis RichterRichter magnitude
66%
PressureBlaise Pascalpascal (Pa)
64%
Power & radiant fluxJames Wattwatt (W)
64%
Electric chargeCharles-Augustin de Coulombcoulomb (C)
48%
Magnetic flux densityNikola Teslatesla (T)
48%
RadioactivityMarie Curie and Pierre Curiecurie (Ci)
41%
CapacitanceMichael Faradayfarad (F)
41%
InductanceJoseph Henryhenry (H)
23%
Magnetic fluxWilhelm Eduard Weberweber (Wb)
15%
Magnetic fluxJames Clerk Maxwellmaxwell (Mx)
8%
Ratio of two values of a powerAlexander Graham Belldecibel (dB)
5%

Score Distribution

Percentile by Number Answered

Percent of People with Each Score

Your Score History

You have not taken this quiz